|
|
|
|
| LEADER |
01768cas a2200241 a 4500 |
| 001 |
AALejournalIMF010071 |
| 008 |
230101c9999 xx r poo 0 0eng d |
| 020 |
|
|
|c 5.00 USD
|
| 020 |
|
|
|z 9781451965483
|
| 022 |
|
|
|a 1018-5941
|
| 040 |
|
|
|a BD-DhAAL
|c BD-DhAAL
|
| 110 |
2 |
|
|a International Monetary Fund.
|
| 245 |
1 |
0 |
|a International Aspects of Budget Deficits with Distortionary Taxes.
|
| 264 |
|
1 |
|a Washington, D.C. :
|b International Monetary Fund,
|c 1987.
|
| 300 |
|
|
|a 1 online resource (28 pages)
|
| 490 |
1 |
|
|a IMF Working Papers
|
| 500 |
|
|
|a <strong>Off-Campus Access:</strong> No User ID or Password Required
|
| 500 |
|
|
|a <strong>On-Campus Access:</strong> No User ID or Password Required
|
| 506 |
|
|
|a Electronic access restricted to authorized BRAC University faculty, staff and students
|
| 520 |
3 |
|
|a Much of the recent research of the international economic consequences of budget deficit has been conducted under the assumption that taxes are lump sum. It has thus abstracted from important issues that arise in the context of distortionary tax systems. Our analysis deals with the international effects of budget deficits under alternative tax systems. The key result of the analysis is that the consequences of tax policies and the characteristics of the international transmission mechanism depend critically on the precise composition of taxes. Specifically, under a value-added tax system a budget deficit lowers the world rate of interest while under an income-tax system the same deficit raises the world rate of interest.
|
| 538 |
|
|
|a Mode of access: Internet
|
| 830 |
|
0 |
|a IMF Working Papers; Working Paper ;
|v No. 1987/059
|
| 856 |
4 |
0 |
|z Full text available on IMF
|u http://elibrary.imf.org/view/journals/001/1987/059/001.1987.issue-059-en.xml
|z IMF e-Library
|